Historical dictionary of civil wars in Africa /

Bibliographic Details
Main Author: Arnold, Guy
Format: Book
Language:English
Published: Lanham, Md. : Scarecrow Press, 1999.
Series:Historical dictionaries of war, revolution, and civil unrest ; no. 12.
Subjects:

MARC

Tag First Indicator Second Indicator Subfields
LEADER 00000cam a22000004a 4500
001 in00001505821
005 20151021095449.0
008 981231s1999 mdub bd 000 0 eng
010 |a  98053946  
020 |a 0810836335 (alk. paper) 
035 |a (OCoLC)40595243 
035 |9 AJK7882AM 
040 |a DLC  |c DLC  |d C#P  |d TXA  |d UtOrBLW 
042 |a pcc 
043 |a f------ 
049 |a TXAM 
050 0 0 |a DT21.5  |b .G89 1999 
082 0 0 |a 960  |2 21 
100 1 |a Arnold, Guy. 
245 1 0 |a Historical dictionary of civil wars in Africa /  |c Guy Arnold. 
264 1 |a Lanham, Md. :  |b Scarecrow Press,  |c 1999. 
300 |a xxi, 377 pages :  |b map ;  |c 23 cm. 
336 |a text  |b txt  |2 rdacontent 
337 |a unmediated  |b n  |2 rdamedia 
338 |a volume  |b nc  |2 rdacarrier 
490 1 |a Historical dictionaries of war, revolution, and civil unrest ;  |v 12 
504 |a Includes bibliographical references (pages 325-376). 
650 0 |a Revolutions  |z Africa  |x Dictionaries. 
650 0 |a Civil war  |x Dictionaries. 
651 0 |a Africa  |x History, Military  |x Dictionaries. 
830 0 |a Historical dictionaries of war, revolution, and civil unrest ;  |v no. 12. 
948 |a c:rd 
999 |a MARS 
999 f f |s 0f381040-3a75-3d09-90ee-8cdc6810714a  |i b7365623-59c9-3ff7-b76e-4148cbc6428e  |t 0 
952 f f |p noncirc  |a Texas A&M University  |b College Station  |c Cushing Memorial Library & Archives  |d Cushing: Ragan Military (Does not check out)  |t 0  |e DT21.5 .G89 1999  |h Library of Congress classification  |i unmediated -- volume 
952 f f |p ric  |a Texas A&M University  |b Rellis Campus  |c Joint Library Facility  |d Remote Storage  |t 0  |e DT21.5 .G89 1999  |h Library of Congress classification  |i unmediated -- volume  |m A14825251348 
998 f f |a DT21.5 .G89 1999  |t 0  |l Cushing: Ragan Military (Does not check out) 
998 f f |a DT21.5 .G89 1999  |t 0  |l Remote Storage